000 00427nam a22001577a 4500
003 OSt
005 20211119113227.0
008 211119b |||||||| |||| 00| 0 eng d
020 _a0-8247-0490-8
040 _cHawassa University
050 _a641.5/HAN
_b1
082 _a641.5/HAN
_b1
245 _aHandbook of Microwave Technology for Food Applications
260 _aNew York
_bMarcee Dekker,Inc
_c2001
942 _2ddc
_cBOOKS
_n0
999 _c19247
_d19247